Largest Islands Owned by Non-Island Nations - Statistics

General Stats
  • This quiz has been taken 76 times
  • The average score is 9 of 20
Answer Stats
km² Country Island % Correct
2,130,800 Denmark Greenland
99%
25,662 Italy Sicily
88%
507,451 Canada Baffin Island
83%
196,236 Canada Ellesmere Island
64%
108,860 Canada Newfoundland
64%
72,493 Russia Sakhalin
63%
33,210 China Hainan
61%
47,401 Argentina / Chile Tierra del Fuego
61%
217,291 Canada Victoria Island
61%
31,285 Canada Vancouver Island
51%
70,028 Canada Banks Island
42%
38,981 Norway Spitsbergen
39%
47,079 Russia Severny Island
24%
55,247 Canada Devon Island
22%
40,100 Brazil Marajó
22%
33,339 Canada Prince of Wales Island
19%
41,214 Canada Southampton Island
19%
43,178 Canada Axel Heiberg Island
18%
33,246 Russia Yuzhny Island
17%
42,149 Canada Melville Island
15%
No matching quizzes found
Score Distribution
Percent of People with Each Score
Percentile by Number Answered
Your Score History
You have not taken this quiz